000
00221nam a2200097Ia 4500
005
20251222120159.0
008
251222s1900||||xx |||||||||||||| ||spa||
082
_a
DVD0070/D75/2008
245
0
_a
La ola:Die Welle
942
_c
DVD
999
_c
2357
_d
2357